000 00387nam a2200157Ia 4500
008 230917s9999||||xx |||||||||||||| ||und||
020 _cRS160
040 _e33271
_aMAIN
041 _aEnglish
082 _a514 J78I
100 _aJoshi, K D
245 0 _aIntroduction to general topology
260 _aNew Delhi
_bNew Age International
_c1999
300 _axii, 412 p.
942 _cBK
999 _c106618
_d106618